Library Banner

Selected works of Jawaharlal Nehru / (Record no. 112907)

MARC details
000 -LEADER
fixed length control field 00612nam a22001937a 4500
005 - DATE AND TIME OF LATEST TRANSACTION
control field 20190615092848.0
008 - FIXED-LENGTH DATA ELEMENTS--GENERAL INFORMATION
fixed length control field 190615b ||||| |||| 00| 0 eng d
020 ## - INTERNATIONAL STANDARD BOOK NUMBER
International Standard Book Number 9780199451272 : vol.52
020 ## - INTERNATIONAL STANDARD BOOK NUMBER
International Standard Book Number 9780199451289 : vol.53
020 ## - INTERNATIONAL STANDARD BOOK NUMBER
International Standard Book Number 9780199451272 : vol.54
020 ## - INTERNATIONAL STANDARD BOOK NUMBER
International Standard Book Number 9780199451296 : vol.55
040 ## - CATALOGING SOURCE
Transcribing agency PK-LaUMT
082 ## - DEWEY DECIMAL CLASSIFICATION NUMBER
Classification number 954.042092
Item number NEH-S
100 ## - MAIN ENTRY--PERSONAL NAME
Personal name Nehru, Jaaharlal
245 ## - TITLE STATEMENT
Title Selected works of Jawaharlal Nehru /
Statement of responsibility, etc by Jawaharlal Nehru; edited by Madhavan K. Palat
260 ## - PUBLICATION, DISTRIBUTION, ETC. (IMPRINT)
Place of publication, distribution, etc New Delhi :
Name of publisher, distributor, etc Jawahar Nehru Memorial Fund,
Date of publication, distribution, etc 2014
300 ## - PHYSICAL DESCRIPTION
Extent 4 vols. (Vol.52 to 55)
942 ## - ADDED ENTRY ELEMENTS (KOHA)
Koha item type Books
Holdings
Withdrawn status Lost status Damaged status Home library Current library Date acquired Full call number Barcode Date last seen Copy number Price effective from Koha item type
      UMT Main Campus UMT Main Campus 2019-06-15 954.042092 NEH-S 130429 2020-10-03 Vol.52 2019-06-15 Books
      UMT Main Campus UMT Main Campus 2019-06-15 954.042092 NEH-S 130430 2019-06-15 Vol.53 2019-06-15 Books
      UMT Main Campus UMT Main Campus 2019-06-15 954.042092 NEH-S 130431 2019-06-15 Vol.54 2019-06-15 Books
      UMT Main Campus UMT Main Campus 2019-06-15 954.042092 NEH-S 130432 2019-06-15 Vol.55 2019-06-15 Books